Personnages gardiens des cités perdues - Statistiques

Statistiques générales
  • Ce quiz a été pris 64 fois
  • Le résultat moyen est 6 sur 15
Statistiques - réponses
Hint Réponse % Correct
Vive les bijoux et les diadèmes ... Biana Vacker
80%
Je suis en colère, mais Sophie me pardonne des choses impardonnables Fitz Vacker
78%
Non, il ne m'aime pas... Sophie Foster
76%
Meilleur personnage qui craint sa famille Keefe Sencen
71%
Bien que j'ai été le premier de Sophie, mais elle m'oublie toujours Dex Dizznee
69%
Ne t'inquites pas Alden Vacker
65%
Vive les potions et les bactéries. Ro
47%
Vive les crèpes! Alvar Vacker
41%
Très calme et gentille, je donne beaucoup de bons conseils Edaline Ruewen
37%
Aucune culbabilité Lady Gisela
24%
Enfant qui ne sait dire que très peu de mots Félix
6%
Bon ou mauvais , mystère Cassius Sencen
4%
Ah, vous les jeunes ... Mr. Folker
2%
Je sert pas à grand chose Quinlin Sonden
2%
Je sert pas à grand chose Ramira
0%
Aucun quiz correspondant
Distribution des résultats
% des personnes avec chaque résultat
Percentile par nombre de réponses
Votre historique - résultats
Vous n’avez pas pris ce quiz